Insight : estudio sobre la comprensión humana /

Uloženo v:
Podrobná bibliografie
Hlavní autor: Lonergan, Bernard (autor)
Médium: Kniha
Jazyk:španělština
Vydáno: México : Salamanca, España : Universidad Iberoamericana ; Sígueme, 1999, c1999
Tagy: Přidat tag
Žádné tagy, Buďte první, kdo vytvoří štítek k tomuto záznamu!

MARC

LEADER 00000nam^a2200000^a^4500
001 000628479
005 20260226000000.0
009 20260526154524.55
020 |a 84-301-1295-2 
037 |a Acervo Xavier Clavigero 
041 |a ESP 
091 |a FHG. 01423 
100 |a Lonergan, Bernard  |e (autor) 
245 1 0 |a Insight :  |b estudio sobre la comprensión humana / 
264 4 |a México :  |b Universidad Iberoamericana ;  |a Salamanca, España :  |b Sígueme,  |c 1999, c1999 
300 |a 950 p. 
336 |a texto  |b txt  |2 rdacontenido 
337 |a sin mediación  |b n  |2 rdamedio 
338 |a volumen  |b nc  |2 rdasoporte 
649 |a XX 
910 |a Fondo Humberto García Bedoy S.J. 
920 |a Impresos - Libros 
930 |a Fondos Especiales 
905 |a 148 
901 |a 628715-10  |b IT2  |c ESP  |i D  |u 20260226 
902 |a https://opac.biblio.iteso.mx/vufind/Record/000628479